La Premsa de la ciutat de Vic al segle XIX / per Concepció Miralpeix i Ballús
Publicado:
Barcelona :
Departament de Cultura i Mitjans de Comunicació. Generalitat de Catalunya ,
1981
Descripción Física:
286 p., 1 f. pleg. : il. ; 18 cm
Materias:
Premsa -- Vic -- S. XIX
MARC
| LEADER | 00000nam a2200000Ia 4500 | ||
|---|---|---|---|
| 001 | 1409 | ||
| 008 | 160829s1981 xx 000 0 cat d | ||
| 080 | |a O-1-79 | ||
| 100 | |a Miralpeix i Ballús, Concepció |9 25130 | ||
| 245 | |a La Premsa de la ciutat de Vic al segle XIX / per Concepció Miralpeix i Ballús | ||
| 260 | |a Barcelona : |b Departament de Cultura i Mitjans de Comunicació. Generalitat de Catalunya, |c 1981 | ||
| 300 | |a 286 p., 1 f. pleg. : |b il. ; |c 18 cm | ||
| 590 | |a A la part superior de la portada, Departament de Cultura i Mitjans de Comunicació. Direcció General del Patrimoni Cultural. Servei de Biblioteques i del Patrimoni Bibliogràfic. | ||
| 650 | |a Premsa |x Vic |x S. XIX |9 25131 | ||
| 700 | |a Catalunya. Servei de Biblioteques i del Patrimoni Bibliogràfic |9 20489 | ||
| 710 | 1 | |a Catalunya. |b Departament de Cultura i Mitjans de Comunicació |9 55890 | |
| 901 | |a Arxiu | ||
| 942 | |n 1 | ||
| 952 | |0 0 |1 0 |4 0 |6 O179 |7 1 |9 43461 |a Arxiu |b Arxiu |d 2016-12-01 |l 0 |o O-1-79 |p 1409 |r 2016-12-01 00:00:00 |w 2016-12-01 |y ARXIU | ||
| 999 | |c 46007 |d 46007 | ||